000 00296nam a2200121Ia 4500
008 190216s9999||||xx |||||||||||||| ||und||
100 _aKutty K N Kadambazhipuram
245 0 _aNaadum Nadodikathakalum
260 _bDhronacharya Publications
300 _a400
650 _aKathakal
942 _cBK
999 _c28769
_d28769